000 00626nam a22001937a 4500
999 _c61700
_d61700
005 20240418120018.0
008 240418s2006 enk||||| |||| 00| 0 eng d
020 _a9780323045308x
041 _aeng
080 _a616-006 B-84
100 _aBrashers, Valentina L.
_921858
245 _aClinical Applications of Pathophysiology:
_bAn Evidence-Based Approach
_cValentina L. Brashers.
250 _aThird edition
264 _aSt. Louis :
_bMosby,
_c2006.
300 _a390 p. :
_bill.;
_c28 cm.
653 _aპათოფიზიოლოგია
653 _aმედიცინა
942 _2udc
_cᲬᲘᲒᲜᲘ